Statystyki dla Quiz z wiedźmina

Kliknij tutaj aby rozwiązać quiz!

Ogólne statystyki

  • Ten quiz został rozwiązany 98 razy
  • Średni wynik to 7 z 15

Statystyki odpowiedzi

ZagadnienieOdpowiedź% Poprawnych
Kto powołał Loże Czarodziejek?Filippa Eilhart
76%
Kogo Geralt podejrzewał o zdrade?Cahira
69%
Kto powiedział: "Pomyliłeś niebo z gwiazdami odbitymi noca na powierzchni stawu."?Vilgefortz
65%
W którym roku skończyły się wojny północne?1268
52%
Pod jakim pseudonimem Cirilla przebywała w Nilfgardzie?Falka
49%
Jakie medaliony znajdowały się w kolekcji Leo Bonharta?Kota, Gryfa, Wilka
49%
Jak elfy mówiły na Milve?Siostra
49%
Z kim Geralt wdaje sie w romans?Fringillą Vigo
44%
Co Triss zrobiła dla Ciri przy pierwszym spotkaniu?Uleczyła kolano
42%
Kiedy toczyła się bitwa o most na Jarudze?1267
40%
Czego Triss uczyła Ciri?Starszej mowy
35%
Kiedy była pierwsza Koniunkcja Sfer?około 1500 lat przed wydarzeniami z sagi
27%
Od cego zmarł Coen?Sulicy
26%
Kto powiedział: "Gdzie się dymi, tam się pali. A gdzie się pali, tam się sparzyć można."Milva
21%
Przez kogo był eskortowany Jaskier w brokilonie?Fauve
16%

Rozkład punktacji

Percentyl według liczby udzielonych odpowiedzi

Procent ludzi z każdym wynikiem

Twoja historia wyników

Nie rozwiązałeś tego quizu